War in Melvilles Imagination
Saved in:
| Main Author: | |
|---|---|
| Format: | Book |
| Language: | English |
| Published: |
New York, Estados Unidos
The Gotham Library
1981
|
| Subjects: | |
| Tags: |
Add Tag
No Tags, Be the first to tag this record!
|
MARC
| LEADER | 00000nam a2200000Ia 4500 | ||
|---|---|---|---|
| 008 | 170316s9999 xx 000 0 eng d | ||
| 040 | |a cru BVZT | ||
| 090 | |a C-810 S-4w | ||
| 100 | |a Sparer Adler, Joyce | ||
| 245 | |a War in Melvilles Imagination | ||
| 260 | |a New York, Estados Unidos | ||
| 260 | |b The Gotham Library | ||
| 260 | |c 1981 | ||
| 300 | |a 189 páginas | ||
| 650 | |a LITERATURA ESTADOUNIDENSE | ||
| 650 | |a CRÍTICA | ||
| 942 | |c 15 D | ||
| 999 | |c 12871 |d 12871 | ||
